[Event "Challenge"]
[Site "http://www.queenalice.com/game.php?id=892367"]
[Date "2011.1.28"]
[Round "-"]
[White "rosado"]
[Black "k2hansen"]
[Result "0-1"]
[WhiteElo "1238"]
[BlackElo "1451"]

1. d4 e6 2. c4 c5 3. d5 Qf6 4. e4 a5 5. Nc3 Ne7 6. Nf3 a4 7. a3 h6 8. Bd3 Ng6 9.
Bc2 Nf4 10. Bxf4 Qxf4 11. Bxa4 g5 12. h3 Rxa4 13. Nxa4 Qxe4+ 14. Qe2 f5 15. Nxc5
Bxc5 16. Qxe4 fxe4 17. Ne5 Rf8 18. O-O Bd6 19. Ng4 h5 20. Ne3 Bc5 0-1

[Event "AUTO-OPEN-2245"]
[Site "http://www.queenalice.com/game.php?id=892623"]
[Date "2011.1.29"]
[Round "1"]
[White "estella"]
[Black "rosado"]
[Result "1-0"]
[WhiteElo "1251"]
[BlackElo "1356"]

1. e4 Nf6 2. d3 e5 3. Nf3 Nc6 4. Nc3 Bb4 5. a3 Bxc3+ 6. bxc3 d6 7. Be2 Bg4 8. h3
Bxf3 9. gxf3 Qd7 10. Rg1 g6 11. Rb1 O-O-O 12. Bg5 Qe6 13. Kd2 Rde8 14. Bh4 Nh5
15. d4 Qxh3 16. Rh1 Qe6 17. d5 Qd7 18. dxc6 Qxc6 19. Bb5 Qc5 20. Bxe8 Rxe8 21.
a4 Nf4 22. Qg1 Qa3 23. Rb3 Qxa4 24. Qb1 b6 25. Qb2 Qc4 26. Re1 h5 27. Kc1 Ng2
28. Rh1 1-0

[Event "AUTO-OPEN-2245"]
[Site "http://www.queenalice.com/game.php?id=892624"]
[Date "2011.1.29"]
[Round "1"]
[White "rosado"]
[Black "estella"]
[Result "0-1"]
[WhiteElo "1330"]
[BlackElo "1271"]

1. d4 d5 2. c4 dxc4 3. Nc3 Be6 4. d5 Bf5 5. e4 Bg6 6. Nf3 Nf6 7. Bxc4 e6 8. dxe6
Qe7 9. exf7+ Bxf7 10. Bxf7+ Kxf7 11. Qb3+ Ke8 12. Qxb7 Nxe4 13. Nxe4 g6 14. Qxa8
Bg7 15. Qxb8+ Kf7 16. Qb7 Re8 17. Nd2 Bd4 18. Qd5+ Kf8 19. Qxd4 Kg8 20. Qf6 Qf7
21. Qxf7+ Kxf7 22. O-O Ke6 23. Re1 Rd8 24. Nc5+ Kd6 25. Ndb3 a5 0-1

[Event "Challenge"]
[Site "http://www.queenalice.com/game.php?id=892710"]
[Date "2011.1.29"]
[Round "-"]
[White "WillExZ"]
[Black "rosado"]
[Result "1-0"]
[WhiteElo "1224"]
[BlackElo "1192"]

1. e4 Nf6 2. e5 Nd5 3. Nc3 Nxc3 4. bxc3 d6 5. exd6 cxd6 6. d4 g6 7. Qf3 Bg7 8.
Bc4 O-O 9. h4 h5 10. g4 Bxg4 11. Qe3 Nc6 12. f3 Bf5 13. Ne2 Bxc2 14. Qd2 Bf5 15.
Ng3 1-0

[Event "AUTO-BEG-459"]
[Site "http://www.queenalice.com/game.php?id=893017"]
[Date "2011.1.29"]
[Round "1"]
[White "rosado"]
[Black "deepink"]
[Result "0-1"]
[WhiteElo "1460"]
[BlackElo "1284"]

1. d4 Nf6 2. c4 e6 3. Nc3 Bb4 4. Qc2 d5 5. a3 Bxc3+ 6. Qxc3 O-O 7. Bg5 Nbd7 8.
Bxf6 Nxf6 9. Nf3 dxc4 10. Qxc4 Bd7 11. e3 a6 12. Bd3 Bb5 13. Qc3 Bxd3 14. Qxd3
Qd5 15. O-O Qh5 16. h3 g5 17. Ne5 g4 18. hxg4 Nxg4 19. Nxg4 Qxg4 20. Rac1 c6 21.
b4 Kh8 22. Qd1 Qh4 23. Qf3 f5 24. Qf4 Qh5 25. Qe5+ Kg8 26. Qxe6+ Kh8 27. Rc5
Rae8 28. Qd6 Qg5 29. Qc7 Rg8 30. g3 h5 0-1

[Event "AUTO-BEG-459"]
[Site "http://www.queenalice.com/game.php?id=893018"]
[Date "2011.1.29"]
[Round "1"]
[White "deepink"]
[Black "rosado"]
[Result "0-1"]
[WhiteElo "1342"]
[BlackElo "1300"]

1. e4 Nf6 2. Nc3 d5 3. exd5 Nxd5 4. Nf3 Nxc3 5. bxc3 g6 6. Bc4 Bg7 7. O-O b6 8.
Re1 O-O 9. d4 Bb7 10. Bf4 Nd7 11. Qd3 e6 12. a4 c5 13. dxc5 Nxc5 14. Qxd8 Raxd8
15. Ra3 Ne4 16. Be5 Bxe5 17. Nxe5 Rd2 18. Bd3 Nc5 19. Nc4 Nxd3 0-1

[Event "AUTO-BEG-459"]
[Site "http://www.queenalice.com/game.php?id=893019"]
[Date "2011.1.29"]
[Round "1"]
[White "rosado"]
[Black "estella"]
[Result "0-1"]
[WhiteElo "1387"]
[BlackElo "1229"]

1. d4 d5 2. c4 e6 3. Nc3 Bd6 4. cxd5 Bb4 5. dxe6 Bxe6 6. Qc2 Nf6 7. e3 O-O 8.
Bd2 Bxc3 9. Qxc3 Ne4 10. Qc2 Nc6 11. Qxe4 Bd5 12. Qc2 Qf6 13. Nf3 Bxf3 14. gxf3
Qxf3 15. Rg1 Rfe8 16. Bg2 Qg4 17. Qd1 Qe6 0-1

[Event "AUTO-BEG-459"]
[Site "http://www.queenalice.com/game.php?id=893020"]
[Date "2011.1.29"]
[Round "1"]
[White "estella"]
[Black "rosado"]
[Result "1-0"]
[WhiteElo "1204"]
[BlackElo "1424"]

1. e4 c5 2. Bc4 e6 3. e5 d6 4. exd6 Bxd6 5. Nf3 Nf6 6. Nc3 O-O 7. d4 cxd4 8.
Nxd4 Bd7 9. Nf3 Be7 10. O-O Nc6 11. b3 Qc7 12. Be3 Rfd8 13. Nb5 Qc8 14. c3 1-0

[Event "Challenge"]
[Site "http://www.queenalice.com/game.php?id=893126"]
[Date "2011.1.30"]
[Round "-"]
[White "rosado"]
[Black "spin"]
[Result "1-0"]
[WhiteElo "1225"]
[BlackElo "1588"]

1. d4 e6 2. c4 Qf6 3. Nf3 Nc6 4. Bg5 Qf5 5. e3 Qa5+ 6. Nc3 Bb4 7. Qb3 e5 8. dxe5
Qc5 9. Bf4 Na5 10. Qc2 Nxc4 11. Bxc4 Qxc4 12. Nd2 Qc5 13. Rc1 1-0